[Event "19. Obert Int. Sant Marti 2017"]
[Site "Barcelona ESP"]
[Date "2017.07.14"]
[Round "2.26"]
[White "Sumit, Kumar"]
[Black "Dhulipalla, Bala Chandra Prasad"]
[Result "1/2-1/2"]
[WhiteElo "1975"]
[BlackElo "2335"]
[PlyCount "130"]
[EventDate "2017.07.13"]
[EventType "swiss"]
[EventRounds "9"]
[EventCountry "ESP"]
[SourceTitle "Ajedrez en Madrid"]
[Source "lmi"]
[SourceDate "2017.07.13"]
[SourceVersion "1"]
[SourceVersionDate "2019.06.21"]
[SourceQuality "1"]

1. e4 e5 2. Nf3 Nc6 3. Bc4 Nf6 4. d3 Be7 5. O-O O-O 6. Re1 d6 7. a4 Be6 8. Bxe6
fxe6 9. c3 Qd7 10. d4 exd4 11. cxd4 d5 12. Nc3 dxe4 13. Nxe4 Nxe4 14. Rxe4 Qd5
15. Qe2 Bf6 16. Bf4 Nxd4 17. Nxd4 Bxd4 18. Rf1 Bb6 19. Bg3 Rf6 20. Re1 Raf8 21.
Rxe6 Bxf2+ 22. Bxf2 Rxf2 23. Qxf2 Rxf2 24. Kxf2 Qd4+ 25. Kf3 h5 26. Re8+ Kh7
27. R1e5 Qg4+ 28. Kf2 Qf4+ 29. Ke2 Qxh2 30. Kf3 Qh4 31. b3 Qg4+ 32. Kf2 Qf4+
33. Kg1 h4 34. Re3 g5 35. R3e6 Qb4 36. R8e7+ Kg8 37. Rxc7 Qd4+ 38. Kh1 Kf8 39.
Rce7 Qc5 40. Re8+ Kf7 41. Re3 g4 42. R8e4 Qd6 43. Re1 Qd7 44. Rf1+ Kg6 45. Rfe1
Kf5 46. Re5+ Kf6 47. R5e4 Qf5 48. Re8 Qd3 49. R8e3 Qd5 50. Kg1 Kf5 51. Rf1+ Kg5
52. Rfe1 Kf4 53. Re8 Qd3 54. Rf8+ Kg3 55. Rfe8 Qd4+ 56. Kh1 Qd2 57. R8e2 Qd4
58. Re4 Qd2 59. R1e2 Qd1+ 60. Re1 Qc2 61. R1e2 Qc1+ 62. Re1 Qb2 63. R1e2 Qc1+
64. Re1 Qd2 65. R1e2 Qd1+ 1/2-1/2

[Event "19. Obert Int. Sant Marti 2017"]
[Site "Barcelona ESP"]
[Date "2017.07.14"]
[Round "2.27"]
[White "Kyrkjebo, Hanna B."]
[Black "Debarshi, Mukherjee"]
[Result "0-1"]
[WhiteElo "1923"]
[BlackElo "2301"]
[PlyCount "98"]
[EventDate "2017.07.13"]
[EventType "swiss"]
[EventRounds "9"]
[EventCountry "ESP"]
[SourceTitle "Ajedrez en Madrid"]
[Source "lmi"]
[SourceDate "2017.07.13"]
[SourceVersion "1"]
[SourceVersionDate "2019.06.21"]
[SourceQuality "1"]

1. e4 c5 2. Nf3 e6 3. d3 Nc6 4. g3 g6 5. Bg2 Bg7 6. O-O Nge7 7. c3 O-O 8. Re1
e5 9. Nbd2 d6 10. a4 h6 11. Nc4 Be6 12. Nfd2 Qd7 13. Ne3 f5 14. Ndc4 f4 15. Nd5
g5 16. b4 Bg4 17. f3 Be6 18. b5 Nd8 19. Nxe7+ Qxe7 20. g4 Nf7 21. Ba3 h5 22. h3
Bf6 23. Kf2 Kg7 24. Rh1 Rh8 25. Qd2 Rh6 26. Rag1 Nh8 27. Qe1 Ng6 28. Nb2 Rah8
29. Nd1 R8h7 30. Kf1 hxg4 31. hxg4 Nh4 32. Nf2 Qe8 33. Qd1 Bd8 34. c4 Ba5 35.
Bb2 Bb4 36. Ba1 Kg6 37. Bb2 a6 38. Qa1 Qd8 39. Bc3 Qa5 40. Bb2 Kf6 41. Qd1 Bd2
42. Bc1 Bxc1 43. Qxc1 Qxa4 44. bxa6 bxa6 45. Qb1 Qb4 46. Qa1 Rb7 47. Nd1 Qd2
48. Nf2 Qc2 49. Nd1 Rb1 0-1

[Event "19. Obert Int. Sant Marti 2017"]
[Site "Barcelona ESP"]
[Date "2017.07.14"]
[Round "2.28"]
[White "Akash Pc, Iyer"]
[Black "Gonzalez Saguillo, Oriol"]
[Result "1-0"]
[WhiteElo "2300"]
[BlackElo "2077"]
[PlyCount "71"]
[EventDate "2017.07.13"]
[EventType "swiss"]
[EventRounds "9"]
[EventCountry "ESP"]
[SourceTitle "Ajedrez en Madrid"]
[Source "lmi"]
[SourceDate "2017.07.13"]
[SourceVersion "1"]
[SourceVersionDate "2019.06.21"]
[SourceQuality "1"]

1. Nf3 Nf6 2. g3 d5 3. Bg2 Bf5 4. O-O e6 5. b3 h6 6. Bb2 Be7 7. d3 O-O 8. Nbd2
Bh7 9. Re1 c5 10. e4 Nc6 11. a3 b5 12. Qe2 Re8 13. Ne5 Nxe5 14. Bxe5 Nd7 15.
Bb2 d4 16. a4 a6 17. e5 Rb8 18. axb5 axb5 19. Ra7 Nb6 20. Bc6 Nc8 21. Ra6 Rf8
22. Rea1 Rb6 23. f4 Qc7 24. Bg2 Rxa6 25. Rxa6 Nb6 26. Ne4 Nd5 27. Nd6 Bxd6 28.
exd6 Qb7 29. Ra1 Rd8 30. b4 Qb6 31. Bxd5 exd5 32. Qe7 cxb4 33. Ra6 Qb8 34. Bxd4
b3 35. Ra7 Bg6 36. Qe5 1-0

[Event "19. Obert Int. Sant Marti 2017"]
[Site "Barcelona ESP"]
[Date "2017.07.14"]
[Round "2.29"]
[White "Hernandez Requena, Francesc"]
[Black "Buchenau, Frank"]
[Result "0-1"]
[WhiteElo "1807"]
[BlackElo "2279"]
[PlyCount "52"]
[EventDate "2017.07.13"]
[EventType "swiss"]
[EventRounds "9"]
[EventCountry "ESP"]
[SourceTitle "Ajedrez en Madrid"]
[Source "lmi"]
[SourceDate "2017.07.13"]
[SourceVersion "1"]
[SourceVersionDate "2019.06.21"]
[SourceQuality "1"]

1. d4 e6 2. c4 Nf6 3. Nf3 b6 4. g3 Bb7 5. Bg2 Be7 6. Nc3 O-O 7. O-O Ne4 8. Qc2
Nxc3 9. Qxc3 f5 10. Ne5 Bxg2 11. Kxg2 Qe8 12. h4 d6 13. Nf3 Nd7 14. Bf4 Bf6 15.
Bg5 h6 16. Rh1 Qg6 17. h5 Qf7 18. Be3 e5 19. Qd2 e4 20. Ne1 c5 21. d5 b5 22.
Bf4 Nb6 23. cxb5 Nxd5 24. Bxd6 e3 25. fxe3 Rfd8 26. e4 fxe4 0-1

[Event "19. Obert Int. Sant Marti 2017"]
[Site "Barcelona ESP"]
[Date "2017.07.14"]
[Round "2.30"]
[White "Martinez, Ayelen"]
[Black "Gandhi, Anish"]
[Result "1-0"]
[WhiteElo "2279"]
[BlackElo "2012"]
[PlyCount "117"]
[EventDate "2017.07.13"]
[EventType "swiss"]
[EventRounds "9"]
[EventCountry "ESP"]
[SourceTitle "Ajedrez en Madrid"]
[Source "lmi"]
[SourceDate "2017.07.13"]
[SourceVersion "1"]
[SourceVersionDate "2019.06.21"]
[SourceQuality "1"]

1. e4 c5 2. Nf3 d6 3. c3 Nf6 4. Be2 g6 5. O-O Bg7 6. Re1 O-O 7. Bf1 e5 8. h3
Re8 9. d3 Nc6 10. Bg5 h6 11. Be3 a6 12. Nbd2 b5 13. d4 exd4 14. cxd4 Nxe4 15.
Nxe4 Rxe4 16. dxc5 dxc5 17. Qxd8+ Nxd8 18. Bd3 Rxe3 19. Rxe3 Bxb2 20. Re8+ Kg7
21. Rd1 Bb7 22. Bc2 Ne6 23. Re7 Bxf3 24. gxf3 Nd4 25. Be4 Rd8 26. Kg2 a5 27.
Rc7 c4 28. a4 c3 29. axb5 Nxb5 30. Rxd8 Nxc7 31. Rc8 Ne6 32. Rc4 Nd4 33. Kf1
Nb3 34. Ke2 Nd2 35. Rc7 Nxe4 36. fxe4 a4 37. Kd3 a3 38. Ra7 Kf6 39. Ra5 g5 40.
Kc2 h5 41. Kb3 g4 42. Rxh5 gxh3 43. f4 Bc1 44. Rh6+ Ke7 45. Rxh3 c2 46. Rc3
Bxf4 47. Rxc2 Bd6 48. Rf2 Ke6 49. Rf5 Be7 50. Ra5 Bf8 51. Kc4 Bd6 52. Kd4 f6
53. Ra6 Ke7 54. Kd5 Bb4 55. Ra4 Bc3 56. Rxa3 Be5 57. Ra7+ Kd8 58. Ke6 Kc8 59.
Ra8+ 1-0

[Event "19. Obert Int. Sant Marti 2017"]
[Site "Barcelona ESP"]
[Date "2017.07.14"]
[Round "2.31"]
[White "Tateo, Ida"]
[Black "Larsson, Anders"]
[Result "0-1"]
[WhiteElo "1238"]
[BlackElo "2276"]
[PlyCount "82"]
[EventDate "2017.07.13"]
[EventType "swiss"]
[EventRounds "9"]
[EventCountry "ESP"]
[SourceTitle "Ajedrez en Madrid"]
[Source "lmi"]
[SourceDate "2017.07.13"]
[SourceVersion "1"]
[SourceVersionDate "2019.06.21"]
[SourceQuality "1"]

1. e4 e6 2. d4 d5 3. Nc3 Bb4 4. e5 Ne7 5. a3 Bxc3+ 6. bxc3 b6 7. Qg4 Ng6 8. Nf3
Qd7 9. Bd3 Ba6 10. Bxg6 hxg6 11. h4 Qc6 12. Bb2 Nd7 13. O-O-O O-O-O 14. Ng5
Rdf8 15. f4 Kb7 16. h5 gxh5 17. Rxh5 Rxh5 18. Qxh5 f6 19. Nh7 Rh8 20. Qg6 Nf8
21. Nxf8 Rxf8 22. Qxg7 Qe8 23. exf6 Rf7 24. Qg6 Qf8 25. Re1 Rxf6 26. Qg4 Bc4
27. g3 Qf7 28. Kb1 Rg6 29. Qf3 Qf5 30. Bc1 Qh3 31. Rg1 a5 32. Qg2 Qg4 33. Qf2
Be2 34. a4 Bf3 35. Kb2 Be4 36. Kb3 Rh6 37. f5 Rf6 38. Qf4 Qe2 39. Qd2 Qc4+ 40.
Ka3 Rxf5 41. Qh6 Qxc3+ 0-1

[Event "19. Obert Int. Sant Marti 2017"]
[Site "Barcelona ESP"]
[Date "2017.07.14"]
[Round "2.32"]
[White "Gonzalez Rodriguez, Jorge A."]
[Black "Rojas Fernandez, Andres"]
[Result "1-0"]
[WhiteElo "2274"]
[BlackElo "1997"]
[PlyCount "123"]
[EventDate "2017.07.13"]
[EventType "swiss"]
[EventRounds "9"]
[EventCountry "ESP"]
[SourceTitle "Ajedrez en Madrid"]
[Source "lmi"]
[SourceDate "2017.07.13"]
[SourceVersion "1"]
[SourceVersionDate "2019.06.21"]
[SourceQuality "1"]

1. c4 e6 2. Nc3 d5 3. d4 Nf6 4. Bf4 Bd6 5. Bxd6 Qxd6 6. c5 Qe7 7. f4 O-O 8. e3
Nbd7 9. Bd3 c6 10. Nf3 b6 11. b4 a5 12. a3 Ba6 13. O-O Rfb8 14. Bxa6 Rxa6 15.
b5 cxb5 16. c6 Nf8 17. Nxb5 Ne4 18. Qd3 Raa8 19. a4 Nd6 20. Rfc1 Rc8 21. Rab1
Rab8 22. Qa3 Nf5 23. Qxe7 Nxe7 24. c7 Rb7 25. Nd6 Rcxc7 26. Nxb7 Rxb7 27. Ne5
f6 28. Nc6 Nf5 29. Rb3 Nd6 30. Rcb1 Nc4 31. Kf2 Rc7 32. Rxb6 Nxb6 33. Rxb6 Nd7
34. Ra6 f5 35. Ne5 Nxe5 36. fxe5 Kf7 37. h4 f4 38. exf4 Rc4 39. Rxa5 Rxd4 40.
Ke3 Re4+ 41. Kf3 h5 42. Ra7+ Kg6 43. g4 hxg4+ 44. Kxg4 Re1 45. h5+ Kh6 46. Re7
Rg1+ 47. Kh4 Rh1+ 48. Kg3 Rg1+ 49. Kf2 Ra1 50. Rxe6+ Kxh5 51. Ra6 Kg4 52. e6
Kxf4 53. e7 Ra2+ 54. Ke1 Ra1+ 55. Ke2 Ra2+ 56. Kd3 Ra3+ 57. Kd4 Re3 58. Ra7 Re2
59. a5 g5 60. a6 g4 61. Rb7 g3 62. a7 1-0

[Event "19. Obert Int. Sant Marti 2017"]
[Site "Barcelona ESP"]
[Date "2017.07.14"]
[Round "2.33"]
[White "Yao, Lan"]
[Black "Barragan Hernandez, Manel"]
[Result "1-0"]
[WhiteElo "2273"]
[BlackElo "1936"]
[PlyCount "57"]
[EventDate "2017.07.13"]
[EventType "swiss"]
[EventRounds "9"]
[EventCountry "ESP"]
[SourceTitle "Ajedrez en Madrid"]
[Source "lmi"]
[SourceDate "2017.07.13"]
[SourceVersion "1"]
[SourceVersionDate "2019.06.21"]
[SourceQuality "1"]

1. e4 c5 2. Nf3 d6 3. d4 cxd4 4. Nxd4 Nf6 5. Nc3 a6 6. Be2 e5 7. Nb3 Be7 8. O-O
O-O 9. Be3 Be6 10. Nd5 Nbd7 11. Qd3 Bxd5 12. exd5 Nc5 13. Nxc5 dxc5 14. c4 Bd6
15. Qc2 Qc7 16. g3 Rae8 17. Bg5 Nd7 18. Bd3 f5 19. Bxf5 h6 20. Be6+ Rxe6 21.
dxe6 Nf6 22. Bxf6 Rxf6 23. Qe4 Qe7 24. Rad1 Rxe6 25. Rd5 b5 26. Rfd1 g6 27. b4
Qb7 28. bxc5 Be7 29. Rd8+ 1-0

[Event "19. Obert Int. Sant Marti 2017"]
[Site "Barcelona ESP"]
[Date "2017.07.14"]
[Round "2.34"]
[White "Fenil, Shah"]
[Black "Anuj, Shrivatri"]
[Result "1/2-1/2"]
[WhiteElo "2267"]
[BlackElo "1920"]
[PlyCount "93"]
[EventDate "2017.07.13"]
[EventType "swiss"]
[EventRounds "9"]
[EventCountry "ESP"]
[SourceTitle "Ajedrez en Madrid"]
[Source "lmi"]
[SourceDate "2017.07.13"]
[SourceVersion "1"]
[SourceVersionDate "2019.06.21"]
[SourceQuality "1"]

1. Nc3 g6 2. e4 Bg7 3. g3 c6 4. Bg2 d6 5. Nge2 Nf6 6. O-O O-O 7. d4 e5 8. a4 a5
9. h3 Nbd7 10. Be3 exd4 11. Nxd4 Re8 12. Nb3 Qc7 13. g4 Ne5 14. Nd2 b6 15. g5
Nh5 16. f4 Nd7 17. Qf3 Bb7 18. Nb3 Bxc3 19. bxc3 c5 20. Nd2 f5 21. gxf6 Ndxf6
22. f5 d5 23. fxg6 hxg6 24. Bf4 Qg7 25. e5 Nd7 26. Nc4 Rf8 27. Qg4 Nxf4 28.
Rxf4 Rxf4 29. Qxf4 Rf8 30. Qg3 dxc4 31. Bxb7 Nxe5 32. Bd5+ Kh8 33. Re1 Rf5 34.
Qh4+ Rh5 35. Qd8+ Kh7 36. Kg2 Rf5 37. Re4 g5 38. Re3 Ng6 39. Be4 Qe5 40. Qd7+
Kh6 41. Bxf5 Qxe3 42. Bxg6 Kxg6 43. Qd6+ Kh5 44. Qd1+ Kg6 45. Qd6+ Kh5 46. Qd1+
Kg6 47. Qd6+ 1/2-1/2

[Event "19. Obert Int. Sant Marti 2017"]
[Site "Barcelona ESP"]
[Date "2017.07.14"]
[Round "2.35"]
[White "Narciso Dublan, Marc"]
[Black "Meertens, Martin"]
[Result "1-0"]
[WhiteElo "2516"]
[BlackElo "2123"]
[PlyCount "33"]
[EventDate "2017.07.13"]
[EventType "swiss"]
[EventRounds "9"]
[EventCountry "ESP"]
[SourceTitle "Ajedrez en Madrid"]
[Source "lmi"]
[SourceDate "2017.07.13"]
[SourceVersion "1"]
[SourceVersionDate "2019.06.21"]
[SourceQuality "1"]

1. e4 c5 2. Nc3 Nc6 3. g3 g6 4. Bg2 Bg7 5. d3 d6 6. Be3 e6 7. Qd2 Rb8 8. Nf3
Nd4 9. Bxd4 cxd4 10. Nb5 Qb6 11. Qb4 Kd7 12. e5 dxe5 13. Nd2 Ne7 14. Nc4 Qa6
15. Qc5 Rd8 16. Qc7+ Ke8 17. Nbd6+ 1-0

[Event "19. Obert Int. Sant Marti 2017"]
[Site "Barcelona ESP"]
[Date "2017.07.14"]
[Round "2.36"]
[White "Chakravarthy, Y V K."]
[Black "Arizmendi Martinez, Julen Luis"]
[Result "0-1"]
[WhiteElo "2006"]
[BlackElo "2511"]
[PlyCount "80"]
[EventDate "2017.07.13"]
[EventType "swiss"]
[EventRounds "9"]
[EventCountry "ESP"]
[SourceTitle "Ajedrez en Madrid"]
[Source "lmi"]
[SourceDate "2017.07.13"]
[SourceVersion "1"]
[SourceVersionDate "2019.06.21"]
[SourceQuality "1"]

1. d4 Nf6 2. Bf4 d5 3. e3 c5 4. c3 Nc6 5. Nd2 e6 6. Ngf3 Be7 7. h3 Bd6 8. Bxd6
Qxd6 9. Bb5 O-O 10. Bxc6 Qxc6 11. Ne5 Qc7 12. O-O b6 13. f4 Ne8 14. g4 f6 15.
Nef3 Nd6 16. Rf2 a5 17. Rg2 Ba6 18. Qe1 Bd3 19. g5 Kh8 20. Qf2 c4 21. Kh2 b5
22. Rag1 b4 23. h4 Qf7 24. Rg3 Qh5 25. Qg2 Nf5 26. gxf6 gxf6 27. Rg7 Nxe3 28.
Qf2 Nf5 29. R7g4 bxc3 30. bxc3 Rab8 31. Qe1 Qf7 32. Ne5 Qe8 33. Nxd3 cxd3 34.
Nb3 a4 35. Nc5 Rb2+ 36. R1g2 Qh5 37. Rxb2 Qxg4 38. Nxd3 Rg8 39. Qf2 Nxh4 40.
Ne1 Qh5 0-1

[Event "19. Obert Int. Sant Marti 2017"]
[Site "Barcelona ESP"]
[Date "2017.07.14"]
[Round "2.37"]
[White "Oliva Castaneda, Kevel"]
[Black "Valls Marti, Artur"]
[Result "1-0"]
[WhiteElo "2497"]
[BlackElo "2140"]
[PlyCount "69"]
[EventDate "2017.07.13"]
[EventType "swiss"]
[EventRounds "9"]
[EventCountry "ESP"]
[SourceTitle "Ajedrez en Madrid"]
[Source "lmi"]
[SourceDate "2017.07.13"]
[SourceVersion "1"]
[SourceVersionDate "2019.06.21"]
[SourceQuality "1"]

1. d4 Nf6 2. Nf3 e6 3. Bf4 d5 4. e3 c5 5. c3 Bd6 6. Bg3 O-O 7. Nbd2 Nc6 8. Bd3
b6 9. Ne5 Qc7 10. f4 Ne7 11. Bf2 a5 12. g4 Ba6 13. Bc2 b5 14. Rg1 cxd4 15. exd4
b4 16. Rg3 bxc3 17. bxc3 g6 18. Rh3 Rab8 19. Bh4 Bxe5 20. fxe5 Ne4 21. Bxe4
dxe4 22. Bxe7 Qxe7 23. Nxe4 f5 24. exf6 Qb7 25. Qc2 Qb5 26. O-O-O Bb7 27. Nc5
Rxf6 28. c4 Qe8 29. Rb3 Bf3 30. Nd7 Qxd7 31. Rxb8+ Kg7 32. g5 Rf5 33. Qb2 Qc7
34. d5+ e5 35. Rb7 1-0

[Event "19. Obert Int. Sant Marti 2017"]
[Site "Barcelona ESP"]
[Date "2017.07.14"]
[Round "2.38"]
[White "Hansen, Torbjorn Ringdal"]
[Black "David, Bogdan-Emanuel"]
[Result "1/2-1/2"]
[WhiteElo "2429"]
[BlackElo "2062"]
[PlyCount "94"]
[EventDate "2017.07.13"]
[EventType "swiss"]
[EventRounds "9"]
[EventCountry "ESP"]
[SourceTitle "Ajedrez en Madrid"]
[Source "lmi"]
[SourceDate "2017.07.13"]
[SourceVersion "1"]
[SourceVersionDate "2019.06.21"]
[SourceQuality "1"]

1. e4 c5 2. Nf3 Nc6 3. Nc3 d6 4. d4 cxd4 5. Nxd4 g6 6. Be3 Bg7 7. Qd2 Nf6 8. f3
O-O 9. O-O-O Bd7 10. Kb1 a6 11. g4 b5 12. h4 h5 13. gxh5 Nxh5 14. Rg1 Ne5 15.
Bh6 e6 16. Bxg7 Kxg7 17. f4 Nc4 18. Bxc4 bxc4 19. Nde2 Bc6 20. Qxd6 Qxd6 21.
Rxd6 Rac8 22. e5 Kh7 23. Kc1 Rfd8 24. Rgd1 Rxd6 25. Rxd6 Rc7 26. Kd2 Ng7 27.
Nd4 Bb7 28. b4 cxb3 29. axb3 Kh6 30. Na4 Kh5 31. b4 Kxh4 32. Nc5 Kg4 33. Ke3
Nh5 34. Rb6 Bd5 35. Rxa6 Nxf4 36. Nb5 Rc6 37. Rxc6 Bxc6 38. Nd4 Nd5+ 39. Kd2
Ba8 40. b5 Kf4 41. c4 Nb6 42. Kc3 Kxe5 43. Nd3+ Ke4 44. Nf2+ Ke3 45. Nd1+ Ke4
46. Nf2+ Ke3 47. Nd1+ Ke4 1/2-1/2

[Event "19. Obert Int. Sant Marti 2017"]
[Site "Barcelona ESP"]
[Date "2017.07.14"]
[Round "2.39"]
[White "Vassallo Barroche, Mauricio"]
[Black "Boixader Arbo, Xavier"]
[Result "1-0"]
[WhiteElo "2376"]
[BlackElo "2099"]
[PlyCount "83"]
[EventDate "2017.07.13"]
[EventType "swiss"]
[EventRounds "9"]
[EventCountry "ESP"]
[SourceTitle "Ajedrez en Madrid"]
[Source "lmi"]
[SourceDate "2017.07.13"]
[SourceVersion "1"]
[SourceVersionDate "2019.06.21"]
[SourceQuality "1"]

1. e4 e6 2. d4 d5 3. exd5 exd5 4. Nf3 Bd6 5. c4 dxc4 6. Bxc4 Nf6 7. O-O O-O 8.
Nc3 Bg4 9. h3 Bh5 10. g4 Bg6 11. Ne5 Nc6 12. f4 Ne4 13. f5 Nxc3 14. bxc3 Qh4
15. Kg2 Bxe5 16. dxe5 Nxe5 17. Bb3 Bxf5 18. Rxf5 Rad8 19. Bg5 Rxd1 20. Rxd1
Nxg4 21. Bxh4 Ne3+ 22. Kf3 Nxf5 23. Bf2 Nd6 24. c4 b6 25. c5 bxc5 26. Bxc5 Rd8
27. Bxa7 Kf8 28. Bc5 f6 29. Re1 Ra8 30. Re6 Ra6 31. Bxd6+ cxd6 32. Ke4 Ra5 33.
Rxd6 Ke7 34. Rd5 Ra7 35. a4 g6 36. Rb5 Kd6 37. Rb6+ Kc5 38. Rxf6 Rb7 39. Bc2
Rb4+ 40. Ke5 Rc4 41. Rf2 Kb4 42. Rf4 1-0

[Event "19. Obert Int. Sant Marti 2017"]
[Site "Barcelona ESP"]
[Date "2017.07.14"]
[Round "2.40"]
[White "Escalante Ramirez, Brian Sebas"]
[Black "Molano Lafuente, Ismael"]
[Result "1/2-1/2"]
[WhiteElo "2340"]
[BlackElo "2004"]
[PlyCount "106"]
[EventDate "2017.07.13"]
[EventType "swiss"]
[EventRounds "9"]
[EventCountry "ESP"]
[SourceTitle "Ajedrez en Madrid"]
[Source "lmi"]
[SourceDate "2017.07.13"]
[SourceVersion "1"]
[SourceVersionDate "2019.06.21"]
[SourceQuality "1"]

1. e4 e5 2. Nf3 Nc6 3. Bb5 a6 4. Bxc6 dxc6 5. d4 exd4 6. Qxd4 Qxd4 7. Nxd4 c5
8. Ne2 Nf6 9. f3 Be6 10. Nbc3 Nd7 11. Nf4 O-O-O 12. Nxe6 fxe6 13. Bg5 Re8 14.
Ke2 Be7 15. Bxe7 Rxe7 16. Nd1 Rf7 17. Ne3 Ne5 18. Raf1 Rhf8 19. h4 Kd7 20. Rf2
h6 21. h5 c4 22. Rhf1 b5 23. f4 Nc6 24. c3 Ke7 25. g3 Ke8 26. Ng4 Rd7 27. f5
exf5 28. Rxf5 Rff7 29. Rxf7 Rxf7 30. Rf5 Rd7 31. Rc5 Nd8 32. Ne3 Ne6 33. Re5
Kf7 34. Rf5+ Ke8 35. Re5 Kf7 36. Rf5+ Ke8 37. a4 c6 38. Re5 Kf7 39. Rf5+ Ke8
40. axb5 axb5 41. Ng4 Ra7 42. Ke3 Ra2 43. Rf2 Nc5 44. Ne5 Ra1 45. Re2 Rh1 46.
Nxc6 Rxh5 47. Nb4 Rg5 48. Kf3 Kd7 49. Rd2+ Ke6 50. Rd8 Na4 51. Rd2 Nc5 52. Rd8
Na4 53. Rd2 Nc5 1/2-1/2

[Event "19. Obert Int. Sant Marti 2017"]
[Site "Barcelona ESP"]
[Date "2017.07.14"]
[Round "2.41"]
[White "Xu, Zhihang"]
[Black "Kathmale, Sameer"]
[Result "1-0"]
[WhiteElo "2140"]
[BlackElo "2294"]
[PlyCount "155"]
[EventDate "2017.07.13"]
[EventType "swiss"]
[EventRounds "9"]
[EventCountry "ESP"]
[SourceTitle "Ajedrez en Madrid"]
[Source "lmi"]
[SourceDate "2017.07.13"]
[SourceVersion "1"]
[SourceVersionDate "2019.06.21"]
[SourceQuality "1"]

1. d4 d5 2. c4 c6 3. Nf3 Nf6 4. e3 Bf5 5. cxd5 cxd5 6. Qb3 Qb6 7. Nc3 e6 8.
Bb5+ Nc6 9. Ne5 Rc8 10. Bd2 Bd6 11. Na4 Qd8 12. Bb4 O-O 13. Bxd6 Qxd6 14. Bxc6
bxc6 15. O-O Ne4 16. Rfc1 c5 17. Qa3 cxd4 18. Qxd6 Nxd6 19. exd4 f6 20. Nc6 Rc7
21. Na5 Rfc8 22. Rc5 Ne4 23. Rxc7 Rxc7 24. f3 Nd6 25. Nc3 a6 26. Nb3 Nc4 27.
Na4 Kf7 28. Rc1 Ke7 29. Nbc5 a5 30. Re1 h5 31. Nc3 Kf7 32. b3 Nd6 33. a3 Rc8
34. Kf2 e5 35. Nxd5 exd4 36. b4 axb4 37. axb4 Ra8 38. Re7+ Kg6 39. Nf4+ Kh6 40.
Re2 g5 41. Nd5 d3 42. Re1 Ra2+ 43. Ke3 d2 44. Rg1 Nc4+ 45. Kd4 Nb2 46. Ne3 Bc2
47. Nxc2 d1=Q+ 48. Rxd1 Nxd1 49. Kd3 Kg6 50. b5 Rb2 51. Nd4 Kf7 52. Ndb3 Ke7
53. b6 Kd6 54. b7 Kc7 55. Nd4 Nf2+ 56. Kc4 g4 57. Kd5 gxf3 58. gxf3 Nd1 59.
Nde6+ Kb8 60. Kc6 Nc3 61. Nf8 Ka7 62. Nfd7 Ne2 63. Kc7 Nd4 64. b8=Q+ Rxb8 65.
Nxb8 Nb5+ 66. Kc8 Nd4 67. f4 Kb6 68. Ncd7+ Kb5 69. Nxf6 h4 70. Kd7 Nf3 71. Ng4
Kc5 72. f5 Kd5 73. f6 Ng5 74. Nc6 Ke4 75. Ke7 Kf5 76. Nce5 h3 77. f7 Nxf7 78.
Kxf7 1-0

[Event "19. Obert Int. Sant Marti 2017"]
[Site "Barcelona ESP"]
[Date "2017.07.14"]
[Round "2.42"]
[White "Kulkarni, Rakesh"]
[Black "Manush, Shah"]
[Result "1/2-1/2"]
[WhiteElo "2288"]
[BlackElo "2016"]
[PlyCount "48"]
[EventDate "2017.07.13"]
[EventType "swiss"]
[EventRounds "9"]
[EventCountry "ESP"]
[SourceTitle "Ajedrez en Madrid"]
[Source "lmi"]
[SourceDate "2017.07.13"]
[SourceVersion "1"]
[SourceVersionDate "2019.06.21"]
[SourceQuality "1"]

1. b3 e5 2. Bb2 Nc6 3. e3 Nf6 4. Bb5 d6 5. d4 exd4 6. exd4 Bd7 7. Nf3 a6 8. Bd3
Be7 9. O-O O-O 10. h3 Nb4 11. Be2 Bf5 12. c3 Nc2 13. Nh4 Be4 14. Nd2 Nxa1 15.
Bxa1 d5 16. Bb2 Nd7 17. Nhf3 Bf6 18. Nxe4 dxe4 19. Nd2 Re8 20. Qc2 Qe7 21. Bg4
e3 22. fxe3 Qxe3+ 23. Kh1 Nb6 24. Bf3 c6 1/2-1/2

[Event "19. Obert Int. Sant Marti 2017"]
[Site "Barcelona ESP"]
[Date "2017.07.14"]
[Round "2.43"]
[White "Dougas Chavarria, Nestor"]
[Black "Miranda Llanes, Yerisbel"]
[Result "1/2-1/2"]
[WhiteElo "1871"]
[BlackElo "2285"]
[PlyCount "183"]
[EventDate "2017.07.13"]
[EventType "swiss"]
[EventRounds "9"]
[EventCountry "ESP"]
[SourceTitle "Ajedrez en Madrid"]
[Source "lmi"]
[SourceDate "2017.07.13"]
[SourceVersion "1"]
[SourceVersionDate "2019.06.21"]
[SourceQuality "1"]

1. e4 e5 2. Nf3 Nc6 3. Bb5 a6 4. Ba4 Nf6 5. O-O b5 6. Bb3 Bc5 7. d3 O-O 8. Be3
d6 9. a4 Rb8 10. Nc3 Bg4 11. h3 Bh5 12. Nd5 Nd7 13. g4 Bxe3 14. fxe3 Bg6 15.
axb5 axb5 16. c3 Nc5 17. Bc2 b4 18. Qd2 bxc3 19. bxc3 Ne7 20. Nxe7+ Qxe7 21.
Ra7 Rb2 22. Rb1 Rxb1+ 23. Bxb1 h5 24. Kg2 hxg4 25. hxg4 Qd7 26. Kg3 Qb5 27. Qa2
Ne6 28. Ra8 Qc5 29. Rxf8+ Kxf8 30. Qd2 Qb6 31. Ba2 Nc5 32. Qc2 Qa6 33. Bc4
Nxe4+ 34. Kh4 Qc6 35. Qb3 Nf6 36. Qb8+ Ke7 37. Bb5 Nd7 38. Bxc6 Nxb8 39. Bb5 c6
40. Bc4 d5 41. Bb3 Kd6 42. d4 Nd7 43. Ba4 f6 44. g5 Be4 45. Nd2 Bd3 46. gxf6
gxf6 47. Kg3 Nb6 48. Bb3 c5 49. Kf3 Kc6 50. Kf2 c4 51. Bd1 Kb5 52. Nf3 e4 53.
Nh4 Nc8 54. Ng6 Kc6 55. Bg4 Nb6 56. Ke1 Kd6 57. Nf4 Bc2 58. Bh5 Ba4 59. Bf7 Bc6
60. Bg8 Na4 61. Kd2 Nb2 62. Nh5 f5 63. Nf4 Nd3 64. Bh7 Bd7 65. Bg8 Nxf4 66.
exf4 Be8 67. Ke3 Bd7 68. Bf7 Be6 69. Bg6 Ke7 70. Bh5 Bf7 71. Bd1 Be8 72. Be2
Kd6 73. Bd1 Kc7 74. Be2 Kb6 75. Kd2 Ka5 76. Bd1 Bd7 77. Ke3 Be8 78. Kd2 Kb6 79.
Ke3 Kc7 80. Be2 Ba4 81. Bh5 Kd6 82. Bf7 Bc6 83. Bh5 Ba4 84. Bf7 Bd1 85. Be8 Ke6
86. Bb5 Bh5 87. Ba4 Kf6 88. Bc6 Bf7 89. Ba4 Kg6 90. Bd1 Kh6 91. Kf2 Bh5 92. Ba4
1/2-1/2

[Event "19. Obert Int. Sant Marti 2017"]
[Site "Barcelona ESP"]
[Date "2017.07.14"]
[Round "2.44"]
[White "Sama Salinas, Alejandro"]
[Black "Rodriguez Alvarez, Vidal"]
[Result "0-1"]
[WhiteElo "2000"]
[BlackElo "2214"]
[PlyCount "76"]
[EventDate "2017.07.13"]
[EventType "swiss"]
[EventRounds "9"]
[EventCountry "ESP"]
[SourceTitle "Ajedrez en Madrid"]
[Source "lmi"]
[SourceDate "2017.07.13"]
[SourceVersion "1"]
[SourceVersionDate "2019.06.21"]
[SourceQuality "1"]

1. Nf3 c5 2. g3 Nc6 3. Bg2 g6 4. O-O Bg7 5. c4 d6 6. Nc3 Bf5 7. Re1 Qd7 8. Nd5
Nf6 9. d3 O-O 10. a3 Rab8 11. Ne3 Bh3 12. Bh1 Qc7 13. Ng5 Bd7 14. Ne4 Nxe4 15.
Bxe4 e6 16. Bg2 b5 17. Rb1 a5 18. b3 b4 19. a4 f5 20. f4 Nd4 21. Nc2 Bc6 22.
Nxd4 Bxd4+ 23. e3 Bc3 24. Re2 Bxg2 25. Rxg2 d5 26. Bb2 Rfd8 27. Bxc3 bxc3 28.
Qc2 d4 29. exd4 cxd4 30. Re2 Rd6 31. Re5 Rdb6 32. Qe2 Rxb3 33. Rxb3 Rxb3 34.
Rb5 Rxb5 35. Qxe6+ Kf8 36. Qf6+ Qf7 37. Qd8+ Qe8 38. Qf6+ Kg8 0-1